Willi Bang Kaup Berlindeki Macar enstitüsünden Türkoloji mektupları : (Record no. 37945)
| 000 -BAŞLIK | |
|---|---|
| Sabit Uzunluktaki Kontrol Alanı | 01161nam a22003377a 4500 |
| 001 - KONTROL NUMARASI | |
| Control Dosyası | 0038092 |
| 003 - KONTROL NUMARASI KİMLİĞİ | |
| Kontrol Alanı | KOHA_MİRAKIL |
| 005 - EN SON İŞLEM TARİHİ ve ZAMANI | |
| Kontrol Alanı | 20260207003050.0 |
| 007 - FİZİKSEL TANIM SABİT ALAN - GENEL BİLGİ | |
| Sabit uzunluklu kontrol alanı | ta |
| 008 - SABİT UZUNLUKTAKİ VERİ ÖGELERİ - GENEL BİLGİ | |
| Sabit Alan | 120801b1980 tu a|||gr||||#||||0|tur | |
| 040 ## - KATALOGLAMA KAYNAĞI | |
| Özgün Kataloglama Kurumu | TR-BiSEU |
| Kataloglama Dili | tur |
| Çeviri Kurumu | TR-BiSEU |
| Açıklama Kuralları | rda |
| 041 0# - DİL KODU | |
| Metin ya da ses kaydının dil kodu | tur |
| 044 ## - YAYINLAYAN/ÜRETEN KURULUŞUN ÜLKE KODU | |
| ISO country code | tu |
| 050 ## - SINIFLAMA ve YER NUMARASI | |
| Sınıflama Numarası | DS26 |
| Yer Numarası | .K38 1980 |
| 245 1# - ESER ADI BİLDİRİMİ | |
| Başlık | Willi Bang Kaup Berlindeki Macar enstitüsünden Türkoloji mektupları : |
| Alt Eseradı vb. | (1925-1934)/ |
| Sorumluluk Bildirimi | çeviren Şinasi Tekin. |
| 264 #1 - ÜRERİM, YAYIN, DAĞITIM ve TELİF BİLDİRİMİ | |
| Yayın yeri | Erzurum : |
| Yayınlayan | Atatürk Üniversitesi yayınları |
| Yayın tarihi | 1980 |
| 300 ## - FİZİKSEL TANIMLAMA | |
| Sayfa, Cilt vb. | 431 sayfa : |
| Diğer fiziki detaylar | resimli; 21 cm. |
| 336 ## - İÇERİK TÜRÜ | |
| Content type term | metin |
| Content type code | txt |
| Source | rdacontent |
| 337 ## - MEDYA TÜRÜ | |
| Media type term | aracısız |
| Media type code | n |
| Source | rdamedia |
| 338 ## - TAŞIYICI TÜRÜ | |
| Carrier type term | cilt |
| Carrier type code | nc |
| Source | rdacarrier |
| 490 1# - DİZİ BİLDİRİMİ | |
| Dizi Bildirimi | Atatürk Üniversitesi yayınları ; |
| Cilt Numarası | no.408. |
| 490 1# - DİZİ BİLDİRİMİ | |
| Dizi Bildirimi | Edebiyat Fakültesi yayınları ; |
| Cilt Numarası | no.75. |
| 490 1# - DİZİ BİLDİRİMİ | |
| Dizi Bildirimi | Tercüme serisi ; |
| Cilt Numarası | no.8. |
| 500 ## - GENEL NOT | |
| Genel Not | Dizin var. |
| 650 #0 - KONU BAŞLIĞI EK GİRİŞ - KONU TERİMİ | |
| Konusal terim veya coğrafi ad | Turkic peoples--History. |
| 9 (RLIN) | 12187 |
| 650 #0 - KONU BAŞLIĞI EK GİRİŞ - KONU TERİMİ | |
| Konusal terim veya coğrafi ad | Türk halkları--Tarih. |
| 9 (RLIN) | 6926 |
| 830 1# - SERİ EK GİRİŞİ - TEKBİÇİM ESER ADI | |
| Tekbiçim Başlık | Atatürk Üniversitesi yayınları ; |
| Volume number/sequential designation | no.408. |
| 9 (RLIN) | 16569 |
| 830 1# - SERİ EK GİRİŞİ - TEKBİÇİM ESER ADI | |
| Tekbiçim Başlık | Edebiyat Fakültesi yayınları ; |
| Volume number/sequential designation | no.75. |
| 9 (RLIN) | 6621 |
| 830 1# - SERİ EK GİRİŞİ - TEKBİÇİM ESER ADI | |
| Tekbiçim Başlık | Tercüme serisi ; |
| Volume number/sequential designation | no.8. |
| 9 (RLIN) | 35711 |
| 942 ## - EK GİRİŞ ÖGELERİ (KOHA) | |
| Source of classification or shelving scheme | Library of Congress Classification |
| Koha item type | Book |
| Materyal Türü | Kalıcı Konum | Mevcut Konum | Raf Yeri | Sınıflandırma Kaynağı | Edinim Bilgisi | Ana Konular | Alt Konular | Yer Numarası | Demirbaş Numarası | Fatura Tarihi | Geri Çekilme Durumu | Kayıp Durumu | Hasarlı Durumu | Kredi için değil | Kayıt Tarih | Toplam Ödünçverme | Son Görülme Tarihi | Son Kontrol Tarihi | Genel / Bağış Notu |
|---|---|---|---|---|---|---|---|---|---|---|---|---|---|---|---|---|---|---|---|
| Book | Prof. Dr. Azmi Özcan Kütüphanesi | Prof. Dr. Azmi Özcan Kütüphanesi | Uluğbey Salonu | Library of Congress Classification | Bağış | DÜNYA TARİHİ (AVRUPA, ASYA, AFRİKA VB.) | Asya | DS26 .K38 1980 | 0038092 | 02/02/2026 | 01/08/2012 | 05/12/2024 | 05/12/2024 | Genel Bağış |
